Capitales qui commencent par M - Statistiques

Statistiques générales
  • Ce quiz a été pris 379 fois
  • Le résultat moyen est 11 sur 19
Statistiques - réponses
Capitales % Correct
Madrid
90%
Moscou
71%
Mexico
69%
Monaco
69%
Manille
68%
Mogadiscio
62%
Maputo
60%
Montevideo
60%
Managua
57%
Minsk
57%
Malé
54%
Manama
53%
Monrovia
52%
Mascate
49%
Malabo
44%
Moroni
43%
Maseru
42%
Mbabane
40%
Majuro
32%
Aucun quiz correspondant
Distribution des résultats
% des personnes avec chaque résultat
Percentile par nombre de réponses
Votre historique - résultats
Vous n’avez pas pris ce quiz